Quy định mới hướng dẫn thi hành luật xây dựng
Tập hợp các nghị định, nghị quyết của Chính phủ, thủ tướng chính phủ , quyết định, chỉ thị, thông tư của các Bộ, ngánh hướng dẫn thi hành luật xây dựng năm 2003 được ban hành từ tháng 8 đến cuối tháng 12 năm 2006...
Сохранить в:
| Формат: | |
|---|---|
| Язык: | Undetermined |
| Опубликовано: |
Hà Nội
Chính trị Quốc gia
2007
|
| Предметы: | |
| Метки: |
Добавить метку
Нет меток, Требуется 1-ая метка записи!
|
| Thư viện lưu trữ: | Trung tâm Học liệu Trường Đại học Cần Thơ |
|---|
| LEADER | 01047nam a2200205Ia 4500 | ||
|---|---|---|---|
| 001 | CTU_140018 | ||
| 008 | 210402s9999 xx 000 0 und d | ||
| 020 | |c 54000 | ||
| 082 | |a 354.6 | ||
| 082 | |b Qu600 | ||
| 245 | 0 | |a Quy định mới hướng dẫn thi hành luật xây dựng | |
| 245 | 0 | |c Nhà Xuất bản Chính trị Quốc gia | |
| 260 | |a Hà Nội | ||
| 260 | |b Chính trị Quốc gia | ||
| 260 | |c 2007 | ||
| 520 | |a Tập hợp các nghị định, nghị quyết của Chính phủ, thủ tướng chính phủ , quyết định, chỉ thị, thông tư của các Bộ, ngánh hướng dẫn thi hành luật xây dựng năm 2003 được ban hành từ tháng 8 đến cuối tháng 12 năm 2006 | ||
| 650 | |a Construction industry,Construction,Xây dựng,Xây dựng | ||
| 650 | |x management,Law and legislation,Quản trị,Luật và các quy định | ||
| 904 | |i Hạ Nguyên | ||
| 980 | |a Trung tâm Học liệu Trường Đại học Cần Thơ | ||